Five Letter Words A-Z - Statistics

General Stats
  • This quiz has been taken 116 times
  • The average score is 16 of 26
Answer Stats
letter clue word % Correct
L Madagascan primate lemur
91%
H Japanese poem haiku
89%
O musical play opera
88%
N push gently nudge
86%
X heavy gas xenon
85%
W egg beater whisk
84%
I very angry irate
83%
J energy unit joule
82%
V female fox vixen
81%
G tropical fruit guava
79%
Q odd characteristic quirk
79%
C large intestine colon
78%
A sky blue azure
72%
E ruler's decree edict
67%
Y country bumpkin yokel
63%
B small airship blimp
61%
F palm leaf frond
51%
U eight popes Urban
42%
R arrive at reach
41%
M bishop's headwear mitre
34%
T printing powder toner
34%
Z 100 groszy zloty
32%
K martial art kendo
28%
S brownish color sepia
25%
P ski trail piste
24%
D medieval coin ducat
16%
No matching quizzes found
Score Distribution
Percent of People with Each Score
Percentile by Number Answered
Your Score History
You have not taken this quiz